MARC

LEADER 00000nam0a2200000 4500
001 112935
005 20231101215107.0
035 |a (RuTPU)RU\TPU\book\122132 
090 |a 112935 
100 |a 20070404d1973 m y0rusy50 ca 
101 0 |a rus 
102 |a RU 
105 |a y j 000zy 
200 1 |a Использование методов математической статистики при геохимических поисках  |e лекция  |f А. А. Беус, С. В. Григорян  |g Всесоюзный заочный политехнический институт 
210 |a Москва  |c Редакционно-издательский отдел  |d 1973 
215 |a 50 с. 
606 1 |a Полезные ископаемые  |x Поиски и разведка  |x Геохимический метод  |2 stltpush  |3 (RuTPU)RU\TPU\subj\50104  |9 68851 
610 1 |a геохимические поиски 
610 1 |a геологическое картирование 
610 1 |a геохимические поисковые работы 
610 1 |a математическая статистика 
610 1 |a методы 
610 1 |a использование 
610 1 |a лекции 
610 1 |a учебные пособия 
675 |a 550.84  |v 4 
700 1 |a Беус  |b А. А.  |g Алексей Александрович 
701 1 |a Григорян  |b С. В.  |g Сергей Вагаршакович 
712 0 2 |a Всесоюзный заочный политехнический институт  |c (Москва)  |c (1947-1992)  |2 stltpush  |3 (RuTPU)RU\TPU\col\8269  |9 24506 
801 1 |a RU  |b 63413507  |c 20070403  |g PSBO 
801 2 |a RU  |b 63413507  |c 20200929  |g PSBO 
942 |c BK